Councils told to fill empty homes (Record no. 117431)

MARC details
000 -LEADER
fixed length control field 01393cam a2200241 4500
001 - CONTROL NUMBER
control field WB4021-06
008 - FIXED-LENGTH DATA ELEMENTS--GENERAL INFORMATION
fixed length control field 040601n2004 000 0 eng u
035 ## - SYSTEM CONTROL NUMBER
System control number (Sirsi) u126348
245 ## - TITLE STATEMENT
Title Councils told to fill empty homes
260 ## - PUBLICATION, DISTRIBUTION, ETC.
Date of publication, distribution, etc. 2004
490 ## - SERIES STATEMENT
Series statement Regeneration and Renewal
Volume/sequential designation 28 May 2004, 10(1)
520 ## - SUMMARY, ETC.
Summary, etc. Local authorities must take a harder line on privately-owned empty homes that remain vacant for more than a year, according to a new report by the Empty Homes Agency and Mori. The report concentrated on the London Borough of Hammersmith and Fulham, where there are currently 850 empty private homes. The study aimed to discover why so many homes were vacant when the borough currently has 1 610 families registered homeless. The research concluded that local authorities should devise new ways to encourage owners to bring back empty properties back into use, such as grants or low interest loans. If the soft approach fails, the study backs tougher means, such as giving local authorities the power to compulsorily lease empty homes. Further information available at http://www.emptyhomes.com.
590 ## - LOCAL NOTE (RLIN)
Local note WB
590 ## - LOCAL NOTE (RLIN)
Local note WB
650 ## - SUBJECT ADDED ENTRY--TOPICAL TERM
Topical term or geographic name entry element LOCAL AUTHORITIES
650 ## - SUBJECT ADDED ENTRY--TOPICAL TERM
Topical term or geographic name entry element EMPTY PROPERTIES
650 ## - SUBJECT ADDED ENTRY--TOPICAL TERM
Topical term or geographic name entry element LONDON BOROUGH OF HAMMERSMITH AND FULHAM
650 ## - SUBJECT ADDED ENTRY--TOPICAL TERM
Topical term or geographic name entry element LONDON
650 ## - SUBJECT ADDED ENTRY--TOPICAL TERM
Topical term or geographic name entry element REPORTS
650 ## - SUBJECT ADDED ENTRY--TOPICAL TERM
Topical term or geographic name entry element HOMELESS FAMILIES
690 ## - LOCAL SUBJECT ADDED ENTRY--TOPICAL TERM (OCLC, RLIN)
Topical term or geographic name as entry element HOUSING
942 ## - ADDED ENTRY ELEMENTS (KOHA)
Suppress in OPAC 0
Holdings
Withdrawn status Lost status Source of classification or shelving scheme Damaged status Not for loan Home library Current library Shelving location Date acquired Total Checkouts Full call number Barcode Date last seen Copy number Price effective from Koha item type
    Dewey Decimal Classification     London London News article 01/06/2004   WB4021-06 126348-1001 06/08/2019 1 06/08/2019 News article